Quizzes
Events
Quiz Creation
Community
Videos
Private Events
Remove Ads
Sign In
Join for FREE
Feedback
Dark Mode
Quiz Categories
Sports
Geography
Music
Movies
Television
Just For Fun
Miscellaneous
History
Literature
Language
Science
Gaming
Entertainment
Religion
Holiday
For Kids
Quiz Lab
Recent
Popular Today
Quiz Kudos Today
Editor Picks
Curator Picks
Quizzes by...
Day
Popularity
Type
Ratings
Length
Year
Community
Subscriptions
Recent Discussions
Orange Saloon
Badges
Playlists
Quests
Create
Leaderboards
Showdown
Live 5
Trivia Bingo
Activity
Puzzle Library
Sporcle Events
Private Events
Virtual Trivia
Globe League
Become a Host
Pub Owners
SporcleCon
Opinionation
Our Games
Videos
Blog
Mobile Apps
Partnerships
Remove Ads and Go Orange
Feedback
Movies
Disney
Marvel Cinematic Universe
Movie Resume
Movie Titles
Oscar
Actor
Actress
Director
Pixar
Role
Movie Quotes
Movie Characters
Box Office
Nominee
Best Picture
Star Wars
James Bond
Horror Movies
Movies
Disney
Marvel Cinematic Universe
Movie Resume
Movie Titles
Oscar
Actor
Actress
Director
Pixar
Role
Movie Quotes
Movie Characters
Box Office
Nominee
Best Picture
Star Wars
James Bond
Horror Movies
Random Quiz
Search Sporcle
×
Quiz Lab
Quiz Lab
Movies
James Bond
Type in answers that appear in a list
Type in answers that appear in a list
Classic
Best Score? Go Orange.
James Bond Kill Lines Stats
Can you name the James Bond kill lines?
10m
22 Questions
329 Plays
329 Plays
329 Plays
Comments
Comments
Give Quiz Kudos
Give Quiz Kudos
-
- Ratings
hide this ad
More Info
Forced Order
Answers have to be entered in order
Answers have to be entered in order
Random Order
Randomize order of answers
Randomize order of answers
Replay
Link that replays current quiz
Next Quiz
Link to next quiz in quiz playlist
You Got
0%
They Got
Avg Score
61%
Avg Friend Score
Upgrade to see
Score Distribution
Jump to the score distribution portion of the page
Score
0/22
Timer
10:00
0
Plays Today
Bond's quip
Film title
% Correct
You know, she always did enjoy a good squeeze
Goldeneye (1995)
81.4%
They'll print anything these days.
Tomorrow Never Dies (1997)
79.6%
Shocking.
Goldfinger (1964)
79%
That's a Smith & Wesson, and you've had your six.
Dr. No (1962)
77.7%
And that's for 009.
Octopussy (1983)
75%
I think he got the point.
Thunderball (1965)
73.8%
One bullet against my six?
The Man with the Golden Gun (1974)
72%
He met his Waterloo.
The Living Daylights (1987)
68.6%
I've smelled that aftershave before -
-
and both times, I've smelled a rat.
Diamonds Are Forever (1971)
68.6%
You left this with Ferrara, I believe.
For Your Eyes Only (1981)
66.5%
Time to face gravity!
Die Another Day (2002)
66.2%
Bond's quip
Film title
% Correct
Killing Tibbett was a mistake.
A View to a Kill (1985)
64.3%
I never miss.
The World is Not Enough (1999)
62.8%
You earned, you keep it... old buddy.
Licence to Kill (1989)
58.8%
Just being disarming, darling
Live and Let Die (1973)
55.8%
Yes... considerably.
Casino Royale (2006)
52.4%
Play it again, Sam.
Moonraker (1979)
52.1%
Just a drop in the ocean.
You Only Live Twice (1967)
51.2%
Slate was a dead end.
Quantum of Solace (2008)
51.2%
Tell me, which lunatic asylum did they get you out of?
From Russia with Love (1963)
49.4%
He was cut off -
-
permanently.
The Spy Who Loved Me (1977)
42.4%
He had a lot of guts.
On Her Majesty's Secret Service (1969)
1.2%
Quiz Playlist
Details
Report
Send in Message
Add To Playlist
More Info:
Name the 007 movie based on Bond's smart-alecky remark made before or after killing a bad guy.
Classic:
Type in answers that appear in a list
Forced Order:
Answers have to be entered in order
Random Order:
Randomize order of answers
Last Updated: Feb 16, 2017
Quiz Scoreboard
CHALLENGE
Sign Up to Join the Scoreboard
Show All
Scores
Hide
Comments
May contain spoilers
Recently Published
Presidents Visiting Landmarks
by Hejman
History
7m
An Introduction to Baseball
by treessimontrees
Sports
5m
Movies - When Are They Set?
by FPL_Elf
Movies
5m
More to Explore
Quiz From the Vault
Featured Blog Post
Where Did the Easter Bunny Come From?
hide this ad
You Might Also Like...
Tags
James Bond Quiz
Nintendo Quiz
bond
kill
same
Victim
Today's Top Quizzes in Movies
Browse Movies
hide this ad
Today's Top Quizzes in James Bond
Browse James Bond
Top Contributed Quizzes in Movies
1
Pick 5 Posters: Directed by Spielberg
2
Pick 5 Posters: Lowest-Rated Spielberg
3
7-to-1: Pixar Characters
4
Multi-Oscar Nominations, One Movie, One Winner
5
Pick 5 Posters: Directed by Scorsese
6
12 Movies about Fictional 1960s Events
7
Pick 5 Posters: Star & Director
8
Sorting Actors
9
Sorting Actresses
10
One Thing in Common: Movies
Explore More
Trending Topics
Marvel
Anime
Harry Potter
Kpop
NBA
Crossword
Disney
The Office
Song
Pokémon
Country
Puzzle
WWE
NFL
Soccer
hide this ad
Score Distribution
Popular Quizzes Today
1
Find the US States - No Outlines Minefield
2
Find the Countries of Europe - No Outlines Minefield
3
The Countries of the World
4
Find the US States
5
Popular People in 1961
6
US States
7
Risky Map Clicking: Biggest States A-Z
8
1-10 Letter E Words III
More Movies Quizzes
Jack Nicholson's Oscar Nominations
Published
Trending Quizzes
Risky Map Clicking: Least Populous States A-Z
1-10 Letter G Words
1-10 Letter F Words
One Thing in Common: United Kingdom
Risky Map Clicking: Next State Alphabetically
Recently Updated
Leaping Animals
pecheneg
Reality TV Shows (A-Z)
bhenderson79
Rickey Henderson's Hall of Fame Teammates
pecheneg
Champions League XIs: Arsenal
pecheneg
Quick Pick: Celebrities in WWE's Hall of Fame
aduchscher
A-Z Keypad Blitz II
pecheneg
Multiple Oscar Actors
pecheneg
Mystery Phrase Blitz: Oscar 'Best Actors'
pecheneg
F. Scott Fitzgerald Novels
LTH
Pick 3 Villains
ddd62291
Trending Topics
Kpop
Marvel
Harry Potter
Anime
Crossword
Disney
NBA
Pokémon
The Office
Soccer
NFL
WWE
Puzzle
Song
Country
Your Account Isn't Verified!
In order to create a playlist on Sporcle, you need to verify the email address you used during registration. Go to your
Sporcle Settings
to finish the process.
Report this User
Report this user for behavior that violates our
Community Guidelines
.
Details:
Send Report
Go to the Sporcle.com Mobile Site →
Comments